LIBRARY & INFORMATION CENTRE, KCAET, TAVANUR

ONLINE PUBLIC ACCESS CATALOGUE (OPAC)

Practical agricultural engineering / (Record no. 9921)

MARC details
000 -LEADER
fixed length control field 00472cam a2200193ua 4500
003 - CONTROL NUMBER IDENTIFIER
control field OSt
008 - FIXED-LENGTH DATA ELEMENTS--GENERAL INFORMATION
fixed length control field 260209b |||||||| |||| 00| 0 eng d
020 ## - INTERNATIONAL STANDARD BOOK NUMBER
ISBN 81-85109-93-1
041 ## - LANGUAGE CODE
Language code of text/sound track or separate title eng
082 ## - DEWEY DECIMAL CLASSIFICATION NUMBER
Classification number 631.15
Item number GHO/PR
100 ## - MAIN ENTRY--AUTHOR NAME
Personal name Ghosh, R K .
245 ## - TITLE STATEMENT
Title Practical agricultural engineering /
250 ## - EDITION STATEMENT
Edition statement 1 /
260 ## - PUBLICATION, DISTRIBUTION, ETC. (IMPRINT)
Place of publication Calcutta :
Name of publisher Naya Prakash ,
Year of publication 1990.
300 ## - PHYSICAL DESCRIPTION
Number of Pages 182 ; .
700 1# - ADDED ENTRY--PERSONAL NAME
Personal name Swain, S .
942 ## - ADDED ENTRY ELEMENTS (KOHA)
Koha item type Books
Holdings
Withdrawn status Lost status Damaged status Home library Current library Date acquired Full call number Accession Number Koha item type Shelving location
      KAUAET KAUAET 07/04/2012 631.15 GHO/PR 17809 Books  
      KAUAET KAUAET 07/04/2012 631.15 GHO/PR 17810 Books  
      KAUAET KAUAET 07/04/2012 631.15 GHO/PR 17813 Books  
      KAUAET KAUAET 07/04/2012 631.15 GHO/PR 17811 Books  
      KAUAET KAUAET 07/04/2012 631.15 GHO/PR 17815 Books  
      KAUAET KAUAET 07/04/2012 631.15 GHO/PR 17816 Books  
      KAUAET KAUAET 07/04/2012 631.15 GHO/PR 17818 Books  
      KAUAET KAUAET 07/04/2012 631.15 GHO/PR 19474 Books  
Withdrawn     KAUAET KAUAET 25/09/2019 631.15 GHO/PR 17814 Books General Stacks
free website counter